Countries by Shortest Substring - Statistics

General Stats
  • This quiz has been taken 311 times
  • The average score is 86 of 196
Answers on the Map
Answers color-coded by a green-red scale on the quiz's map according to % correct below.
 
Answer Stats
# Substring Country % Correct
8 DOMINICA Dominica
90%
6 GUINEA Guinea
90%
4 MALI Mali
90%
5 NIGER Niger
90%
5 SUDAN Sudan
90%
6 ZAMBIA Zambia
90%
4 IRAN Iran
89%
4 OMAN Oman
89%
18 REPUBLICOF THECONGO Republic of the Congo
88%
5 IGERI Nigeria
87%
4 GOLA Angola
86%
4 NDIA India
86%
4 AITI Haiti
85%
5 ENADA Grenada
84%
2 CZ Czech Republic
83%
4 ONGA Tonga
82%
4 ANAD Canada
79%
2 DJ Djibouti
77%
3 FRA France
77%
4 ANAM Panama
77%
3 POL Poland
77%
2 AQ Iraq
76%
4 GOLI Mongolia
76%
2 CY Cyprus
75%
3 GAM Gambia
74%
2 QA Qatar
73%
3 PAK Pakistan
72%
3 ROM Romania
72%
2 YE Yemen
72%
5 NICAN Dominican Republic
71%
3 NAU Nauru
71%
2 BH Bhutan
70%
3 IJI Fiji
70%
2 EQ Equatorial Guinea
69%
2 EX Mexico
69%
3 SOM Somalia
69%
4 HANA Ghana
68%
4 RTHK North Korea
68%
4 WAND Rwanda
68%
2 JO Jordan
66%
4 UTHK South Korea
66%
3 SUR Suriname
66%
4 ICAR Nicaragua
65%
5 ITEDS United States
65%
2 SP Spain
64%
3 USS Russia
63%
3 PAR Paraguay
62%
2 CC Morocco
61%
4 STRA Australia
60%
4 STRI Austria
60%
3 UBA Cuba
60%
2 UX Luxembourg
60%
2 MY Myanmar
60%
2 SY Syria
58%
2 KH Kazakhstan
57%
2 BW Zimbabwe
57%
3 HIN China
55%
3 OMB Colombia
55%
2 PP Philippines
54%
3 WED Sweden
54%
3 AHR Bahrain
53%
2 YZ Kyrgyzstan
53%
3 AOS Laos
53%
3 ORW Norway
53%
3 ERU Peru
53%
2 FG Afghanistan
51%
2 EE Greece
51%
3 VAK Slovakia
51%
3 HAD Chad
50%
2 BY Libya
50%
3 RAZ Brazil
49%
2 LY Italy
49%
2 AJ Tajikistan
49%
3 ATV Latvia
48%
3 LIV Bolivia
47%
3 ILE Chile
47%
2 WZ New Zealand
47%
3 LGE Algeria
46%
3 NIN Benin
46%
2 PT Egypt
46%
2 UY Guyana
46%
4 NDON Indonesia
46%
3 SOT Lesotho
46%
3 OSO Kosovo
45%
2 OZ Mozambique
45%
2 NZ Tanzania
45%
3 AHA Bahamas
43%
3 CUA Ecuador
43%
3 IBE Liberia
43%
3 LAU Palau
43%
3 SOL Solomon Islands
43%
3 THS South Sudan
43%
2 UV Tuvalu
43%
3 RGE Argentina
42%
3 ERM Germany
42%
2 AW Malawi
42%
3 NET Netherlands
42%
3 GAN Uganda
41%
3 RUG Uruguay
41%
2 OO Cameroon
40%
3 WAT Eswatini
40%
3 ABO Gabon
40%
3 EYC Seychelles
40%
3 APA Japan
39%
3 RTU Portugal
39%
2 OG Togo
39%
3 UNG Hungary
38%
2 ZB Uzbekistan
38%
3 RME Armenia
37%
2 WG Papua New Guinea
37%
3 UND Burundi
36%
3 STT East Timor
36%
3 OLD Moldova
36%
3 EPA Nepal
36%
3 AUD Saudi Arabia
36%
3 RBI Serbia
36%
2 TZ Switzerland
36%
2 EZ Venezuela
36%
2 IZ Belize
35%
3 ENM Denmark
35%
3 EOR Georgia
35%
3 IRI Kiribati
35%
3 ALD Maldives
35%
3 AIL Thailand
34%
3 RKE Turkey
34%
3 OTS Botswana
33%
2 AE Israel
33%
3 ENY Kenya
33%
2 UW Kuwait
32%
3 AMO Samoa
32%
3 ITH Lithuania
31%
2 LT Malta
31%
4 RITA Mauritania
31%
2 LB Albania
30%
3 STO Estonia
29%
3 REL Ireland
29%
2 DK United Kingdom
29%
3 TIU Mauritius
28%
2 KR Ukraine
28%
2 UL Bulgaria
27%
3 ROA Croatia
27%
2 NL Finland
27%
3 CEL Iceland
27%
3 AMI Namibia
27%
3 OVE Slovenia
27%
2 KM Turkmenistan
27%
2 UM Belgium
26%
3 VOR Ivory Coast
26%
3 OST Costa Rica
25%
3 ORR Andorra
24%
3 ITR Eritrea
24%
3 ONT Montenegro
24%
3 NTV Saint Vincent and the Grenadines
24%
3 HAF South Africa
24%
2 HM North Macedonia
23%
2 IW Taiwan
23%
2 GL Bangladesh
21%
3 ROS Comoros
21%
3 EAB Guinea-Bissau
21%
2 TN Vietnam
21%
3 BAI Azerbaijan
20%
3 LAR Belarus
20%
3 APE Cape Verde
20%
2 LS El Salvador
20%
2 TK Saint Kitts and Nevis
20%
2 TL Saint Lucia
20%
3 EGA Senegal
20%
2 YS Malaysia
19%
3 IER Sierra Leone
19%
2 NK Sri Lanka
18%
2 SN Bosnia and Herzegovina
17%
3 UNE Brunei
17%
2 FM Federated States of Micronesia
17%
3 TEM Guatemala
17%
3 ISI Tunisia
17%
2 NU Vanuatu
17%
3 BAD Barbados
16%
3 MAI Jamaica
16%
2 EB Lebanon
16%
2 IO Ethiopia
15%
2 FA Burkina Faso
14%
3 NTR Central African Republic
14%
2 SC Madagascar
14%
3 ONA Monaco
14%
2 DU Honduras
13%
2 HT Liechtenstein
13%
3 GAP Singapore
13%
2 TY Vatican City
13%
2 DB Antigua and Barbuda
12%
2 OD Cambodia
12%
3 INO San Marino
12%
3 EDA United Arab Emirates
12%
3 EMO Democratic Republic of the Congo
10%
2 DP São Tomé and Príncipe
10%
2 RS Marshall Islands
7%
2 ID Trinidad and Tobago
6%
No matching quizzes found
Score Distribution
Percent of People with Each Score
Percentile by Number Answered
Your Score History
You have not taken this quiz